[Event "ROM-ch U10"]
[Site "Calimanesti Caciulata"]
[Date "2019.04.17"]
[Round "4"]
[White "Ivancescu, Bogdan Andrei1111"]
[Black "Ratcu, Chris"]
[Result "1-0"]
[WhiteElo "1232"]
[BlackElo "1132"]
[PlyCount "95"]
[EventDate "2019.04.15"]
[EventType "swiss"]
[EventRounds "9"]
[EventCountry "ROU"]
[SourceTitle "CBM 190 Extra"]
[Source "ChessBase"]
[SourceDate "2019.07.15"]
[SourceVersion "1"]
[SourceVersionDate "2019.07.15"]
[SourceQuality "1"]

1. e4 e5 2. Nf3 Nc6 3. d4 exd4 4. Bc4 Nf6 5. e5 d5 6. Bb5 Ne4 7. Nxd4 Bd7 8. Bxc6 bxc6 9. 0-0 Bc5 10. Be3 Bxd4 11. Qxd4 c5 12. Qxd5 Bf5 13. Qc6+ Kf8 14. Bxc5+ Nxc5 15. Qxc5+ Qe7 16. Qxe7+ Kxe7 17. Nc3 Rhd8 18. Rac1 Rd2 19. Rfd1 Rad8 20. Kf1 Rxd1+ 21. Rxd1 Rxd1+ 22. Nxd1 Bxc2 23. Nc3 Ke6 24. f4 h6 25. Kf2 c6 26. Ke3 g5 27. g3 f6 28. exf6 Kxf6 29. Ne4+ Kf5 30. Nd6+ Ke6 31. Nc4 Kd5 32. Ne5 Bf5 33. Nf7 gxf4+ 34. Kxf4 Bh3 35. Nxh6 Kd4 36. g4 Kd3 37. g5 Kc2 38. g6 Kxb2 39. g7 Be6 40. Ke5 Bxa2 41. Kf6 a5 42. Nf7 a4 43. g8Q Bxf7 44. Qxf7 a3 45. Qb7+ Ka1 46. Qxc6 Ka2 47. Qa6 Kb2 48. Qxa3+ 1-0

[Event "ROM-ch U10"]
[Site "Calimanesti"]
[Date "2018.03.29"]
[Round "4"]
[White "Ratcu, Chris"]
[Black "Coicev, Matei Andrei"]
[Result "0-1"]
[WhiteElo "1109"]
[BlackElo "1069"]
[PlyCount "38"]
[EventDate "2018.03.27"]
[EventType "swiss"]
[EventRounds "9"]
[EventCountry "ROU"]
[SourceTitle "CBM 183 Extra"]
[Source "ChessBase"]
[SourceDate "2018.04.19"]
[SourceVersion "1"]
[SourceVersionDate "2018.04.19"]
[SourceQuality "1"]

1. e4 e5 2. d4 exd4 3. c3 dxc3 4. Bc4 Nc6 5. Nf3 d6 6. Qb3 Qe7 7. Nxc3 Nf6 8. 0-0 g6 9. Bg5 Bg7 10. Nd5 Qd8 11. Nxf6+ Bxf6 12. Bxf7+ Kf8 13. Bh6+ Bg7 14. Qc3 Bxh6 15. Qxh8+ Kxf7 16. Qxh7+ Bg7 17. Rad1 Qh8 18. Qxh8 Bxh8 19. b3 Bg4 0-1